000 00636nam a22001817a 4500
003 OSt
005 20180116182959.0
008 140922b xxu||||| |||| 00| 0 eng d
020 _a9789699330346
040 _a0
_c0
082 _a657 ICAP 2013
110 _aThe Institute of Chartered Accountants of Pakistan
245 _aFinancial Accounting and Reporting-II Study Text
_b Revision Notes & Question Bank CAF-07 (3 Part Set)
_cThe Institute of Chartered Accountants of Pakistan
260 _aUK
_bWoolf International
_c2013
300 _a434p.
_bPB
440 _aFinancial Accounting and Reporting-I
_n(3 Part Set)
942 _2ddc
_cBK
999 _c349786
_d349786